| 000 | 00501nam a22001577a 4500 | ||
|---|---|---|---|
| 003 | ASAB | ||
| 005 | 20180827062847.0 | ||
| 008 | 180514t xxu||||| |||| 00| 0 eng d | ||
| 040 | _cASAB | ||
| 100 |
_aYAQOOT IMTIAZ-sup-Dr. Muhammad Tahir _94014 |
||
| 245 |
_aTH-MS-Isolation and Cloning of Begomovirus(es) from Islamabad _cYAQOOT IMTIAZ-sup-Dr. Muhammad Tahir |
||
| 260 |
_aIslamabad _bASAB NUST _c2014 |
||
| 300 |
_axi, 74 P _b30 cm |
||
| 630 |
_aVirology and Immunology _94015 |
||
| 942 |
_2ddc _cTH |
||
| 999 |
_c480907 _d480907 |
||